Sports Quiz

Random Sports or Olympics Quiz
Score 0/22 Timer 05:00
3 Plays Today
Joueur Année % Correct
1994,1996Shaquille O’Neal
96.5%
1994,1996Reggie Miller
93.6%
1996Karl Malone
91.1%
1996Scottie Pippen
90%
1996David Robinson
89.2%
1996John Stockton
87.9%
1996Gary Payton
85%
1996Charles Barkley
84.7%
1996Anfernee Hardaway
84.7%
1994Shawn Kemp
82.3%
1996Hakeem Olajuwon
78.9%
Joueur Année % Correct
1994Alonzo Mourning
76.5%
1994Larry Johnson
75.6%
1994Kevin Johnson
75.6%
1994Joe Dumars
64.8%
1996Grant Hill
55.7%
1994Dan Majerle
47.9%
1996Mitch Richmond
47.3%
1994Mark Price
47.2%
1994Derrick Coleman
30%
1994Steve Smith
27.5%
1994Dominique Wilkins
18.5%
Remove Ads.
Support Sporcle.
Get the best of Sporcle when you Go Orange. This ad-free experience offers more features, more stats, and more fun while also helping to support Sporcle. Thank you for becoming a member.

You're not logged in!

Compare scores with friends on all Sporcle quizzes.
OR
Log In

Sporcle TV

Today on Sporcle TV


Watch our educational content, quiz creation guides, and fun videos on Sporcle TV.

Show Comments

Extras

Top Quizzes Today


Score Distribution

Paid Content

Your Account Isn't Verified!

In order to create a playlist on Sporcle, you need to verify the email address you used during registration. Go to your Sporcle Settings to finish the process.

Report this User

Report this user for behavior that violates our Community Guidelines.

Details: